Welcome to CU Library Online Public Access Catalogue (OPAC)

Achieving Excellence in Fundraising (Record no. 8625)

MARC details
000 -LEADER
fixed length control field 00454nam a22001457a 4500
005 - DATE AND TIME OF LATEST TRANSACTION
control field 20260122112315.0
008 - FIXED-LENGTH DATA ELEMENTS--GENERAL INFORMATION
fixed length control field 260122b |||||||| |||| 00| 0 eng d
020 ## - INTERNATIONAL STANDARD BOOK NUMBER
International Standard Book Number 9780470551738
050 ## - LIBRARY OF CONGRESS CALL NUMBER
Classification number HG177
Item number .R67 ROS
245 ## - TITLE STATEMENT
Title Achieving Excellence in Fundraising
Statement of responsibility, etc. Editted by; Eugene R. Tempel, Timothy L. Seiler & Eva E. Aldrich
250 ## - EDITION STATEMENT
Edition statement 3rd Ed.
260 ## - PUBLICATION, DISTRIBUTION, ETC.
Place of publication, distribution, etc. San Francisco
Name of publisher, distributor, etc. John Wiley & Sons
Date of publication, distribution, etc. 2011
650 ## - SUBJECT ADDED ENTRY--TOPICAL TERM
Source of heading or term Finance
942 ## - ADDED ENTRY ELEMENTS (KOHA)
Source of classification or shelving scheme Library of Congress Classification
Koha item type Books
Edition 3rd Ed.
Suppress in OPAC No
999 ## -
-- 8625
-- 8625
Holdings
Withdrawn status Lost status Source of classification or shelving scheme Damaged status Not for loan Collection Home library Current library Shelving location Date acquired Total checkouts Full call number Barcode Date last seen Copy number Price effective from Koha item type
    Library of Congress Classification     Non-fiction Business Library (Miotso) Business Library (Miotso) General stacks 01/22/2026   HG177 .R67 ROS BSSM00002326 01/22/2026 1 01/22/2026 Books
    Library of Congress Classification     Non-fiction Business Library (Miotso) Business Library (Miotso) General stacks 01/22/2026   HG177 .R67 ROS BSSM00002327 01/22/2026 2 01/22/2026 Books
    Library of Congress Classification     Non-fiction Business Library (Miotso) Business Library (Miotso) General stacks 01/22/2026   HG177 .R67 ROS BSSM00002328 01/22/2026 3 01/22/2026 Books
© 2023-2024 Copyright: Central University Libraries. All Rights Reserved | Created by: Mahone Tech Office